000 00734nam a2200217 a 4500
001 000009944
005 20250129182519.0
008 091002s2002 dr 000 j spa d
040 _aDO-SdBNP
_bspa
_cBNPHU
082 _aRD863.44
_bC433s
100 1 _aChahín, Plinio,
_d1959-
_924881
245 1 0 _aSalvo el insomnio :
_bcuentos /
_cPlinio Chahín, René Rodríguez Soriano.
260 _aSanto Domingo :
_bLa Trinitaria,
_c2002.
300 _a46 p. ;
_c23 cm.
500 _aIncluye datos biográficos de los autores en la solapas.
650 0 _aCuentos dominicanos
_9176
650 0 _aLiteratura dominicana.
_967
700 1 _aRodríguez Soriano, René,
_d1950-
_9232
910 _aValidado. Control de calidad BNPHU
049 _aBNPD
999 _c9703
_d9703